000 00601nam a2200241Ia 4500
005 20251020182514.0
008 200515s9999 xx 000 0 und d
020 _a84-7087-107-2
082 _a658.31.1/L92
100 _aDe Lucas Ortueta, Ramón
245 0 _aManual de personal : Técnicas de dirección de personal
250 _a10a ed.
260 _aZaragoza
260 _bEditorial Distresa, S. A.
260 _c1982
300 _a542 p.
300 _btbls.
500 _a1 ejemplar
650 _aADMINISTRACION DE PERSONAL
650 _aPERSONAL
942 _cLIB
999 _c1531
_d1531